000 00805cam a22002531i 4500
001 gs 11000491
003 DLC
005 20260227111312.0
008 790518s1911 dcuaf b f001 0 eng
010 _ags 11000491
035 _a(OCoLC)4979022
040 _aDLC
_cICharE
_dDLC
042 _apremarc
043 _an-usa---
050 0 0 _aQE75
_b.B9
051 _aTN443.A5
_bW4
_cCopy 2.
100 1 _aWeed, Walter Harvey,
_d1862-1944.
245 1 0 _aCopper deposits of the Appalachian states /
_cby Walter Harvey Weed.
260 _aWashington,
_bGovt. Print. Off.,
_c1911.
300 _a166 p. :
_bill., v pl., diagrs. ;
_c24 cm.
490 1 _aU.S. Geological survey. Bulletin 455
504 _aBibliographical foot-notes and index.
810 1 _aUnited States.
_bGeological Survey.
_tBulletin ;
_v455.
999 _c25068
_d25068